| 000 | 00442nam a22001217a 4500 | ||
|---|---|---|---|
| 082 | _a220 PRO | ||
| 100 |
_aNS RAZA SOHAIL NS HAMMAD WALI SHAH NS HAMZA TARIQ PROJECT SUPERVISOR Dr. Ali Hassan NS RAZA SOHAIL NS HAMMAD WALI SHAH NS HAMZA TARIQ _970624 |
||
| 245 | _aPR-SOF-1833-The Elderly Buddy | ||
| 260 |
_aISLAMABAD _bNUST COLLEGE OF EME _c2019 |
||
| 650 |
_a DE-COMP-37 _970625 |
||
| 700 |
_aSUPERVISOR Dr. Ali Hassan _969910 |
||
| 942 | _cCR | ||
| 999 |
_c577574 _d577574 |
||